00625nam a22002177a 450000500170000001000130001702000220003003500130005203700160006504000120008108200130009324501150010624600060022126000370022727000450026430000200030965000150032965000170034470000210036170000250038220170124110158.0 aA-583180 c00.00a0863112684 aA-583180 bCen Lib/Ret aDPLbEN a080bVOI aVoice of modern india :cedited by Ganeswar Mishra [and] Arun Kumar Mohanty bviews of great indian thinkers / b  bOrient Longman aCalcutta c1992 bCalcutta a71, hari ghosh streete700006 a156p.c19cm(Hb) aAnthology  aNationalism  aMishra, Ganeswar aMohanty, Arun Kumar